000 00679nam a2200193 i 4500
001 84028
003 ES-MaACL
005 20230906174931.0
007 t|
008 041119s1981 sp ||||1| spa d
100 1 _aJauralde Pou, Pablo.
_966184
245 1 0 _aManual de investigación literaria
_b: guía bibliográfica para el estudio de la literatura española /
_cPablo Jauralde Pou.
260 _aMadrid :
_bGredos,
_c[1981]
300 _a416 p. ;
_c20 cm.
490 1 _aBiblioteca románica hispánica. III. Manuales ;
_v48
830 0 _aBiblioteca románica hispánica. III. Manuales ;
_v48
_9177701
852 _aES-MaACL
_jL-1679
_bR.102361
999 _c84028
_d84028